| 000 | 00712nam a2200229 a 4500 | ||
|---|---|---|---|
| 005 | 20240925064905.0 | ||
| 008 | 991125s1983 bue 000 0 spa u | ||
| 020 | _a950602006X | ||
| 035 | _aUPN01000014920 | ||
| 049 | _aCG | ||
| 050 | 4 |
_aLB1065 _aP3.3 |
|
| 100 | 1 |
_aPaín, Sara _932181 |
|
| 245 | 1 | 0 |
_aDiagnóstico y tratamiento de los problemas de aprendizaje / _cSara Paín. |
| 260 |
_aBuenos Aires : _bNueva Visión, _c1983. |
||
| 300 | _a119 p. | ||
| 440 | 0 | _aPsicología contemporánea | |
| 590 | _a(También localizas un ejemplar en el "Area de Reserva") | ||
| 590 | _aBibliografía Básica (BGTQ) | ||
| 650 | 4 |
_aAprendizaje _92861 |
|
| 650 | 4 |
_aPsicología del aprendizaje _95221 |
|
| 905 | _aLibro | ||
| 999 |
_c14920 _d14920 |
||